000 00680cab a2200253 4500
001 ABS60269
008 090401t1999 xxu||||| |||| 00| 0 eng d
035 _a(Sirsi) u92257
041 _aeng
100 _aAtkinson, D.
245 _aDamage limitation
260 _c1999
350 _a0
490 _aConstruction News
_v(6607) 18 March 1999, 22(1)
650 _aBREACH OF CONTRACT
650 _aDAMAGE LIMITATION
650 _aDAMAGES
650 _aR F YOUNG V THAMES PROPERTIES
650 _aRUXLEY ELECTRONICS AND CONSTRUCTION V FORSYTH
650 _aSUBCONTRACTORS
690 _aBUILT ENVIRONMENT-BUILDING CONTRACT FORMS
942 _n0
948 _c23/03/1999
999 _c58497
_d58497